| 000 | 01203nam a2200229Ia 4500 | ||
|---|---|---|---|
| 001 | L261-18322 | ||
| 003 | IT-CnALBA | ||
| 008 | 170116s9999||||xx |||||||||||||| ||und|| | ||
| 040 |
_aIT-CnALBA _cIT-CnALBA |
||
| 041 | _aITALIANO | ||
| 100 | _aDAWSON CHRISTOPHER | ||
| 245 | 0 | _aRELIGIONE E CRISTIANESIMO NELLA STORIA DELLA CIVILTÀ. | |
| 250 | _a1a ed. | ||
| 260 |
_aCINISELLO BALSAMO (MI) _bEDIZIONI PAOLINE _c1984 [1° Ed.: n.d.] |
||
| 300 | _a522 p. | ||
| 500 | _aEDITORIALE DI FRANCO PIERINI. TRADUZIONE DALL'INGLESE DI PAOLA STACUL. RELIGIONE E CIVILTÀ. DIO E IL SOPRANNATURALE. PROFETI E DIVINAZIONE. SACERDOZIO E SACRIFICIO. REGALITÀ. SCIENZA SACRA. LEGGE SACRA. VIA DI PERFEZIONE. CRISTIANESIMO E CIVILTÀ. CULTURA | ||
| 501 | _aSocietà San Paolo EM - Piazza San Paolo, 14 - 12051 ALBA (CN) (non commercial uses only) ® Copyright 2017 | ||
| 520 | _aEDITORIALE DI FRANCO PIERINI. TRADUZIONE DALL'INGLESE DI PAOLA STACUL. RELIGIONE E CIVILTÀ. DIO E IL SOPRANNATURALE. PROFETI E DIVINAZIONE. SACERDOZIO E SACRIFICIO. REGALITÀ. SCIENZA SACRA. LEGGE SACRA. VIA DI PERFEZIONE. CRISTIANESIMO E CIVILTÀ. CULTURA | ||
| 650 | _aTEOLOGIA SOCIALE | ||
| 942 | _cBK | ||
| 957 | _71 | ||
| 999 |
_a23068 _bNO _g Copie: 1 _c277453 _d277453 |
||